00381nam a2200145Ia 4500003000400000008004100004040001600045082001300061100001900074245005500093260004000148300001000188650001500198650002200213GCL140319s9999 xx 000 0 eng d aGCL / cGCL04a843bR G1 aRAMUZ, CHARLES10aLA GRANDE PEUR DANS LA MONTAGNE / cRAMUZ, CHARLES a[S.N] : bBERNARD GRASSET ، c1993 a193 P04aLITERATURE04aFRENCH LITERATURE